000
00260nam a2200109Ia 4500
008
220204s9999 xx 000 0 und d
082
_b
NAG
100
_a
NAGPAL, B D
245
0
_a
Illustrated income tax law
260
_a
Bombay
_b
Kitab Mahal
_c
1958
942
_c
BK
999
_c
20193
_d
20193